000 00653nam a2200253Ia 4500
999 _c12237
_d12237
003 0100
005 20170901105238.0
008 130303s9999 xx 000 0 und d
020 _a067944811X
040 _cARRUPELIB
050 _aBF723.M54C63 1997
100 _aColes, Robert
_934980
245 _aMoral intelligence of children
_bhow to raise a moral child
_cRobert Coles
245 _bhow to raise a moral child
260 _bRandom House
_aNew York
_c1997
300 _axv, 218p. ;
_c25 cm.
650 _aMoral development
_98979
650 _bMoral education
_935488
650 _bChildren
_xConduct of life
_935489
942 0 0 _01
_2lcc
_cMONOGRAPH